00613nam a22001812 4500001001100000005001700011008004100028020002800069040001500097050001900112245010100131260003200232300001600264651004700280700003500327700003400362700003500396000000189920151217155814.0070329s xx 000 0 eng d a0435080830 :cKES 2,480 aKABUcKABU 0aBL2462.5b.R4510aReligion in Africa :bexperiences and expression /ced. by Thomas D. Blakely, Dennis L. Thomson. aLondon :bJ. Currey,c1994. axvi, 512 p. 0aAfrica, Sub-SaharanxReligion.@00001509851 aBlakely, Thomas D.@00001509861 aBeek, Walter van.@00001509871 aThomson, Dennis L.@0000150988